Devine le film à partir de son résumé absurde #2 - Statistiques

Statistiques générales
  • Ce quiz a été pris 94 fois
  • Le résultat moyen est 3 sur 8
Statistiques - réponses
Hint Réponse % Correct
Un gars crée un réseau social pour se faire des amis… et finit seul The Social Network
69%
Un mec riche engage quelqu’un pour l’aider à mourir mais finit par redécouvrir la vie Intouchables
60%
Un groupe d’amis marche beaucoup juste pour jeter un bijou Le Seigneur des anneaux
60%
Un magicien ruine la vie d’un autre magicien juste pour prouver qu’il est meilleur Le prestige
31%
Un mec oublie littéralement pourquoi il fait tout ce qu’il fait… mais continue quand même Memento
28%
Un type très pauvre gagne au loto mais ça n’améliore pas vraiment sa situation Slumdog Millionaire
19%
Un mec s’invente une vie entière juste pour éviter de parler de ses problèmes Le Loup de Wall Street
6%
Un ado reçoit des conseils douteux d’un fantôme et finit par manipuler le temps Donnie Darko
5%
Aucun quiz correspondant
Distribution des résultats
% des personnes avec chaque résultat
Percentile par nombre de réponses
Votre historique - résultats
Vous n’avez pas pris ce quiz